Konkurencieschopnosť ovčích výrobkov v Slovenskej republike po vstupe do EÚ

Prezentácia súčasného stavu nášho ovčiarstva a jeho úlohy, ktoré je treba zabezpečiť po vstupe do EÚ. Vývoj stavov oviec v SR, vývoj reprodukčných a úžitkových ukazovateľov oviec v SR, regulácia trhu s ovčími komoditami. Z vývoja predaja a cien chovu oviec vyplýva, že toto odvetvie živočíšnej výroby...

Ausführliche Beschreibung

Gespeichert in:
Bibliographische Detailangaben
1. Verfasser: Hudáková, Ivana, 1976-
Format: Buchkapitel
Sprache:Slowakisch
Schlagworte:
Tags: Tag hinzufügen
Keine Tags, Fügen Sie das erste Tag hinzu!

MARC

LEADER 00000naa$a2200000$$$4500
001 0043931
005 20240502071521.1
041 0 |a slo 
044 |a SK 
245 1 0 |a Konkurencieschopnosť ovčích výrobkov v Slovenskej republike po vstupe do EÚ  |c Ivana Hudáková 
520 |a Prezentácia súčasného stavu nášho ovčiarstva a jeho úlohy, ktoré je treba zabezpečiť po vstupe do EÚ. Vývoj stavov oviec v SR, vývoj reprodukčných a úžitkových ukazovateľov oviec v SR, regulácia trhu s ovčími komoditami. Z vývoja predaja a cien chovu oviec vyplýva, že toto odvetvie živočíšnej výroby je konkurencieschopné a má perspektívu rozvoja. V budúcnosti je treba efektívne rozvíjať chov oviec pri rešpektovaní ochrany životného prostredia majúc na zreteli efekt primeraného udržateľného rozvoja v našej krajine. 
610 2 0 |a ovčiarstvo 
610 2 0 |a výrobky 
610 2 0 |a obchod 
610 2 0 |a konkurencieschopnosť 
610 2 0 |a Slovensko 
610 2 0 |a Európska únia 
610 2 0 |a regulácia trhu 
610 2 0 |a podpory 
100 1 |a Hudáková, Ivana, 1976-